[Event "Portugal Open 2018"]
[Site "Lisboa POR"]
[Date "2018.02.07"]
[Round "7.110"]
[White "Lages, Duarte"]
[Black "Soares, Pedro Pita"]
[Result "1-0"]
[WhiteElo "1569"]
[BlackElo "1713"]
[WhiteFideId "2161680"]
[BlackFideId "1931725"]
[WhiteCountry "BRA"]
[BlackCountry "POR"]
[PlyCount "55"]
[EventDate "2018.??.??"]

1. d4 d5 2. Nf3 c6 3. c4 Nf6 4. Nc3 Bf5 5. Qb3 Bc8 6. h3 e6 7. Bg5 Be7 8. e3
Nbd7 9. Rc1 O-O 10. Bd3 Re8 11. O-O Nh5 12. Bxe7 Qxe7 13. Qc2 g6 14. Rfe1 f5 15.
cxd5 exd5 16. Rb1 Nhf6 17. b4 Ne4 18. a4 g5 19. Bf1 g4 20. hxg4 fxg4 21. Nd2
Ndf6 22. Ncxe4 Nxe4 23. Nxe4 dxe4 24. g3 h5 25. b5 cxb5 26. Rxb5 h4 27. Re5 Qf7
28. Bc4 1-0

[Event "Portugal Open 2018"]
[Site "Lisboa POR"]
[Date "2018.02.07"]
[Round "7.111"]
[White "Billot, Daniel"]
[Black "Costa, Fábio"]
[Result "1-0"]
[WhiteElo "1710"]
[BlackElo "1207"]
[WhiteFideId "618004"]
[BlackFideId "1961063"]
[WhiteCountry "FRA"]
[BlackCountry "POR"]
[PlyCount "57"]
[EventDate "2018.??.??"]

1. e4 c5 2. c3 d6 3. d4 cxd4 4. cxd4 Nf6 5. Nc3 Nc6 6. Bc4 e6 7. Bb3 Be7 8. Nf3
O-O 9. O-O h6 10. Qe2 e5 11. dxe5 dxe5 12. Rd1 Qc7 13. h3 Bc5 14. Be3 Bxe3 15.
Qxe3 Qe7 16. Nd5 Nxd5 17. exd5 Na5 18. d6 Qd8 19. d7 Bxd7 20. Nxe5 Nxb3 21. Qxb3
Qe7 22. Ng6 Qe6 23. Nxf8 Kxf8 24. Qxb7 Bc6 25. Qc7 Qg6 26. Rd8+ Rxd8 27. Qxd8+
Be8 28. Re1 f6 29. Qe7+ 1-0

[Event "Portugal Open 2018"]
[Site "Lisboa POR"]
[Date "2018.02.07"]
[Round "7.112"]
[White "Correia, Pedro Mourão"]
[Black "Rodrigues, Tiago Nobre"]
[Result "1-0"]
[WhiteElo "1520"]
[BlackElo "1683"]
[WhiteFideId "1959522"]
[BlackFideId "1941410"]
[WhiteCountry "POR"]
[BlackCountry "POR"]
[PlyCount "63"]
[EventDate "2018.??.??"]

1. e4 e5 2. Nf3 Nc6 3. Bc4 Bc5 4. Nc3 Nf6 5. d3 d6 6. a3 h6 7. h3 a6 8. Qe2 Be6
9. Bxe6 fxe6 10. Be3 Nd4 11. Qd1 O-O 12. Bxd4 Bxd4 13. Nxd4 exd4 14. Ne2 e5 15.
Qd2 b5 16. f4 c5 17. fxe5 dxe5 18. g4 Nxe4 19. dxe4 Qh4+ 20. Kd1 Qxh3 21. Rxh3
c4 22. Ng3 Rf4 23. Kc1 Rxg4 24. Kb1 a5 25. Ka2 b4 26. Rf1 Rg6 27. Nf5 Kh7 28.
Rfh1 Rga6 29. Nxg7 Kxg7 30. Rxh6 Rxh6 31. Qg5+ Kh7 32. Rf1 1-0

[Event "Portugal Open 2018"]
[Site "Lisboa POR"]
[Date "2018.02.07"]
[Round "7.116"]
[White "Bártolo, Diogo"]
[Black "Oliveira, Fernando Alves"]
[Result "0-1"]
[WhiteElo "1297"]
[BlackElo "1604"]
[WhiteFideId "1946757"]
[BlackFideId "1947869"]
[WhiteCountry "POR"]
[BlackCountry "POR"]
[PlyCount "52"]
[EventDate "2018.??.??"]

1. e4 Nc6 2. d4 d5 3. exd5 Qxd5 4. Nf3 Bg4 5. Be2 e6 6. a3 Nf6 7. h3 Bh5 8. Nc3
Qd8 9. g4 Bg6 10. Nh4 Nxd4 11. Nxg6 hxg6 12. Bg5 Be7 13. Bd3 c6 14. Be3 e5 15.
g5 Nd5 16. Nxd5 Qxd5 17. Rf1 Nf3+ 18. Ke2 Rxh3 19. c3 Qe6 20. Rh1 e4 21. Rxh3
exd3+ 22. Qxd3 Qxh3 23. Rd1 Rd8 24. Qc2 Rxd1 25. Qxd1 Qg4 26. Qd3 Ne5+ 0-1

[Event "Portugal Open 2018"]
[Site "Lisboa POR"]
[Date "2018.02.07"]
[Round "7.117"]
[White "Barros, Luís"]
[Black "Blum, Ulrike"]
[Result "1-0"]
[WhiteElo "1831"]
[BlackElo "1326"]
[WhiteFideId "23600110"]
[BlackFideId "22238832"]
[WhiteCountry "CPV"]
[BlackCountry "ESP"]
[PlyCount "51"]
[EventDate "2018.??.??"]

1. e4 c5 2. Nf3 Nc6 3. Bb5 g6 4. Nc3 Bg7 5. a3 a6 6. Bc4 b5 7. Ba2 d6 8. Ng5 c4
9. Qf3 Ne5 10. Qe3 h6 11. Nf3 Ng4 12. Qe2 Bb7 13. d3 d5 14. Bf4 e6 15. Rd1 Ne7
16. dxc4 bxc4 17. h3 Nf6 18. Bxc4 Qa5 19. e5 Nh5 20. Bd2 dxc4 21. Ne4 Qc7 22.
Nd6+ Kf8 23. g4 Qc5 24. gxh5 Bxf3 25. Qxf3 Qxe5+ 26. Be3 1-0

[Event "Portugal Open 2018"]
[Site "Lisboa POR"]
[Date "2018.02.07"]
[Round "7.119"]
[White "Encarnação, Filipe"]
[Black "Vera Cruz, Aguinaldo"]
[Result "0-1"]
[WhiteElo "1398"]
[BlackElo "1729"]
[WhiteFideId "1942018"]
[BlackFideId "23600250"]
[WhiteCountry "POR"]
[BlackCountry "CPV"]
[PlyCount "78"]
[EventDate "2018.??.??"]

1. e4 e5 2. Nf3 Nc6 3. Bb5 Nd4 4. Nxd4 exd4 5. c3 Qg5 6. Bf1 Bc5 7. d3 Qf6 8.
Qf3 Qxf3 9. gxf3 d6 10. c4 h6 11. Nd2 Be6 12. a3 f5 13. b4 Bb6 14. Nb3 a6 15.
Bb2 c5 16. Bh3 Ne7 17. Rg1 g5 18. Ke2 Bd7 19. Raf1 O-O-O 20. Kd2 Rhf8 21. Ba1
Ng6 22. Bb2 fxe4 23. Bxd7+ Rxd7 24. fxe4 Ne5 25. Rg2 Rdf7 26. bxc5 dxc5 27. a4
Rf3 28. Rg3 Nxd3 29. Ba3 Ne5 30. Bxc5 Nxc4+ 31. Ke2 d3+ 32. Ke1 Bxc5 33. Nxc5
Rxg3 34. hxg3 Rd8 35. Rh1 Rd6 36. e5 Nxe5 37. Ne4 Rd4 38. Nd2 Rxa4 39. Rxh6 Ra1+
0-1

[Event "Portugal Open 2018"]
[Site "Lisboa POR"]
[Date "2018.02.07"]
[Round "7.121"]
[White "Dong, Fábio"]
[Black "Lopes, José Cidreiro"]
[Result "0-1"]
[WhiteElo "1201"]
[BlackElo "1600"]
[WhiteFideId "1958020"]
[BlackFideId "1904841"]
[WhiteCountry "POR"]
[BlackCountry "POR"]
[PlyCount "76"]
[EventDate "2018.??.??"]

1. Nf3 d5 2. d4 e6 3. Bf4 Nf6 4. e3 Nbd7 5. Nbd2 c5 6. c3 cxd4 7. exd4 Qb6 8.
Qb3 Qd8 9. Bd3 Nh5 10. Bg3 Nxg3 11. hxg3 h6 12. Bb5 a6 13. Bd3 Bd6 14. Kd1 O-O
15. Re1 Nb6 16. Ne5 Bxe5 17. Rxe5 Bd7 18. Qc2 Rc8 19. Ke2 Nc4 20. Rh1 Nxe5 21.
dxe5 Bb5 22. Nf3 Qc7 23. Ke1 Bxd3 24. Qxd3 Qc4 25. Qb1 Qe4+ 26. Kd2 f5 27. Rf1
g5 28. Qxe4 dxe4 29. Nd4 Rcd8 30. Kc2 Kf7 31. b3 f4 32. g4 Ke7 33. Rh1 Rh8 34.
Rh5 Rd5 35. b4 Rxe5 36. a3 e3 37. fxe3 Rxe3 38. Kd2 Rg3 0-1

[Event "Portugal Open 2018"]
[Site "Lisboa POR"]
[Date "2018.02.08"]
[Round "8.1"]
[White "Indjic, Aleksandar"]
[Black "Demchenko, Anton"]
[Result "1-0"]
[WhiteElo "2612"]
[BlackElo "2671"]
[WhiteFideId "911925"]
[BlackFideId "4160258"]
[WhiteTitle "GM"]
[BlackTitle "GM"]
[WhiteCountry "SRB"]
[BlackCountry "RUS"]
[PlyCount "131"]
[EventDate "2018.??.??"]

1. e4 e5 2. Nf3 Nc6 3. Bb5 a6 4. Ba4 d6 5. Bxc6+ bxc6 6. d4 f6 7. Nc3 Ne7 8. Be3
Be6 9. Qe2 Qb8 10. O-O-O Qb4 11. a3 Qb7 12. dxe5 dxe5 13. Bc5 Rb8 14. b3 Nc8 15.
Bxf8 Rxf8 16. Na4 Qb5 17. Qe3 Bg4 18. Rd3 Nd6 19. Nd2 Kf7 20. c4 Qb7 21. f4 exf4
22. Qxf4 Qc8 23. h3 Bh5 24. g4 Bg6 25. h4 Kg8 26. h5 Bf7 27. h6 Bg6 28. hxg7
Kxg7 29. Nc5 Qe8 30. Nxa6 Rc8 31. Nxc7 Rxc7 32. Rxd6 Qe7 33. c5 Rd7 34. Nc4 Rb7
35. b4 Qxe4 36. Qxe4 Bxe4 37. Re1 Bf3 38. Ne3 Ra7 39. Nf5+ Kf7 40. Ree6 Rxa3 41.
Re7+ Kg8 42. Rdd7 Ra1+ 43. Kb2 Rh1 44. Re3 Rh2+ 45. Kb3 Rf2 46. Nh6+ Kh8 47.
Ree7 Bd5+ 48. Kc3 Bg8 49. Nxg8 Ra8 50. Nxf6 Rxf6 51. Rxh7+ Kg8 52. Rdg7+ Kf8 53.
Rh8+ Kxg7 54. Rxa8 Rf3+ 55. Kb2 Rf4 56. Kb3 Rxg4 57. Ra6 Rg6 58. b5 Rg3+ 59. Kb4
cxb5 60. c6 Rg1 61. Kxb5 Rc1 62. Ra4 Kf7 63. Rc4 Rb1+ 64. Rb4 Rc1 65. Kb6 Ke7
66. c7 1-0

[Event "Portugal Open 2018"]
[Site "Lisboa POR"]
[Date "2018.02.08"]
[Round "8.2"]
[White "Warakomski, Tomasz"]
[Black "Petrov, Nikita"]
[Result "0-1"]
[WhiteElo "2517"]
[BlackElo "2573"]
[WhiteFideId "1124552"]
[BlackFideId "4101286"]
[WhiteTitle "GM"]
[BlackTitle "IM"]
[WhiteCountry "POL"]
[BlackCountry "RUS"]
[PlyCount "80"]
[EventDate "2018.??.??"]

1. e4 e5 2. Nf3 Nc6 3. d4 exd4 4. Nxd4 Nf6 5. Nxc6 bxc6 6. e5 Qe7 7. Qe2 Nd5 8.
g3 a5 9. c4 Nb6 10. Nd2 Qe6 11. Bg2 Bb4 12. O-O O-O 13. f4 f6 14. b3 fxe5 15.
fxe5 Rxf1+ 16. Nxf1 d5 17. cxd5 cxd5 18. Bb2 a4 19. Qb5 Bf8 20. Rc1 c5 21. Qd3
Ba6 22. Qd2 Rc8 23. Qa5 Bd3 24. Rd1 Bc2 25. Rd2 axb3 26. Ne3 d4 27. Nxc2 bxc2
28. Rxc2 Nc4 29. Qb5 Ne3 30. Qb7 Rd8 31. Re2 Nxg2 32. Kxg2 c4 33. Rd2 Qxe5 34.
Qc6 Bc5 35. a4 Qd5+ 36. Qxd5+ Rxd5 37. Kf3 Rd7 38. Ke4 c3 39. Bxc3 dxc3 40. Rxd7
c2 0-1

[Event "Portugal Open 2018"]
[Site "Lisboa POR"]
[Date "2018.02.08"]
[Round "8.3"]
[White "Jobava, Baadur"]
[Black "Kaczúr, Flórián"]
[Result "1-0"]
[WhiteElo "2685"]
[BlackElo "2459"]
[WhiteFideId "13601520"]
[BlackFideId "705098"]
[WhiteTitle "GM"]
[BlackTitle "IM"]
[WhiteCountry "GEO"]
[BlackCountry "HUN"]
[PlyCount "67"]
[EventDate "2018.??.??"]

1. d4 d5 2. c4 e6 3. Nc3 Be7 4. Bf4 Nf6 5. e3 O-O 6. a3 Nbd7 7. Nb5 Ne8 8. Nf3
g5 9. Bg3 c6 10. Nc3 f5 11. Qc2 h6 12. O-O-O Nd6 13. Kb1 Ne4 14. Nxe4 dxe4 15.
Ne5 Nxe5 16. Bxe5 Bf6 17. c5 Bd7 18. Bc4 b5 19. Ba2 Qe8 20. f3 a5 21. h4 Qg6 22.
hxg5 Bxg5 23. Rh3 h5 24. f4 Bd8 25. a4 b4 26. Bc4 Rf7 27. Qf2 h4 28. Rg1 Rh7 29.
g4 Kf7 30. g5 Be7 31. Rgh1 Rg8 32. Rxh4 Rxh4 33. Rxh4 Bf8 34. Be2 1-0

[Event "Portugal Open 2018"]
[Site "Lisboa POR"]
[Date "2018.02.08"]
[Round "8.4"]
[White "Ghamarian, Tigran"]
[Black "Anurag, Mhamal"]
[Result "1-0"]
[WhiteElo "2622"]
[BlackElo "2476"]
[WhiteFideId "13301527"]
[BlackFideId "5024366"]
[WhiteTitle "GM"]
[BlackTitle "GM"]
[WhiteCountry "FRA"]
[BlackCountry "IND"]
[PlyCount "121"]
[EventDate "2018.??.??"]

1. e4 e5 2. Nf3 Nc6 3. Bb5 a6 4. Ba4 Nf6 5. O-O Be7 6. d3 b5 7. Bb3 d6 8. a3 Be6
9. Nc3 Bxb3 10. cxb3 h6 11. Qc2 Qd7 12. Be3 O-O 13. Nd5 Nxd5 14. exd5 Nd8 15.
Rac1 Rc8 16. d4 e4 17. Qxe4 f5 18. Qc2 Qe8 19. b4 Qh5 20. Rfe1 Bf6 21. Bf4 Nf7
22. Re6 Ng5 23. Bxg5 hxg5 24. Qxf5 Bxd4 25. Qc2 Bf6 26. h3 g4 27. hxg4 Qxd5 28.
Re2 c5 29. Rd1 Qf7 30. bxc5 Rxc5 31. Qd2 Qc4 32. b4 Rc7 33. g5 Bc3 34. Qd5+ Kh7
35. g6+ Kxg6 36. Qg5+ Kh7 37. Qh5+ Kg8 38. Ng5 g6 39. Qxg6+ Rg7 40. Qe6+ Qxe6
41. Nxe6 Re7 42. Re3 Rc8 43. Rc1 Rc4 44. Rexc3 Rxc3 45. Rxc3 Rxe6 46. Rc6 Kf7
47. Kf1 Rh6 48. Rxa6 Rh1+ 49. Ke2 Ke6 50. Ra5 Ra1 51. Ke3 Re1+ 52. Kd3 Rd1+ 53.
Ke2 Ra1 54. g3 d5 55. Ke3 Ke5 56. f4+ Kf5 57. Rxb5 Rxa3+ 58. Kd4 Rxg3 59. Rxd5+
Kxf4 60. b5 Rg1 61. b6 1-0

[Event "Portugal Open 2018"]
[Site "Lisboa POR"]
[Date "2018.02.08"]
[Round "8.5"]
[White "Kanarek, Marcel"]
[Black "Sevian, Samuel"]
[Result "0-1"]
[WhiteElo "2512"]
[BlackElo "2617"]
[WhiteFideId "1126822"]
[BlackFideId "2040506"]
[WhiteTitle "GM"]
[BlackTitle "GM"]
[WhiteCountry "POL"]
[BlackCountry "USA"]
[PlyCount "64"]
[EventDate "2018.??.??"]

1. e4 e5 2. Nf3 Nc6 3. Bb5 a6 4. Ba4 Nf6 5. O-O b5 6. Bb3 Bc5 7. c3 d6 8. d4 Bb6
9. a4 Rb8 10. Na3 Bg4 11. axb5 axb5 12. Nxb5 O-O 13. Bc2 exd4 14. cxd4 d5 15. e5
Ne4 16. h3 Bh5 17. g4 Bg6 18. Nc3 h5 19. gxh5 Bxh5 20. Nxe4 dxe4 21. Bxe4 Nxd4
22. Be3 Nxf3+ 23. Bxf3 Bxe3 24. Bxh5 Bd4 25. e6 fxe6 26. Bg4 Rf6 27. Ra6 Rxb2
28. Bxe6+ Rxe6 29. Rxe6 Bxf2+ 30. Kg2 Be1+ 31. Qe2 Rxe2+ 32. Rxe2 Bc3 0-1

[Event "Portugal Open 2018"]
[Site "Lisboa POR"]
[Date "2018.02.08"]
[Round "8.6"]
[White "Nayhebaver, Martin"]
[Black "Korneev, Oleg"]
[Result "0-1"]
[WhiteElo "2456"]
[BlackElo "2554"]
[WhiteFideId "14923432"]
[BlackFideId "4156803"]
[WhiteTitle "IM"]
[BlackTitle "GM"]
[WhiteCountry "SVK"]
[BlackCountry "ESP"]
[PlyCount "82"]
[EventDate "2018.??.??"]

1. e4 e5 2. Nf3 d6 3. Bc4 Be7 4. O-O Nf6 5. d3 O-O 6. c3 Nc6 7. Re1 h6 8. Nbd2
Na5 9. Bb5 a6 10. Ba4 b5 11. Bc2 c5 12. Nf1 Nc6 13. a4 Be6 14. Ng3 Re8 15. d4
cxd4 16. cxd4 Bg4 17. d5 Nd4 18. Bd3 h5 19. Be3 Bxf3 20. gxf3 h4 21. Nf1 Nh5 22.
Nd2 Rb8 23. axb5 axb5 24. Nb3 Nxb3 25. Qxb3 Bg5 26. Ra6 Qf6 27. Qd1 b4 28. Bf1
Ra8 29. Qa4 Rad8 30. Qxb4 Bxe3 31. Rxe3 Nf4 32. Kh1 Rb8 33. Qd2 Rb7 34. b3 Reb8
35. Qc2 h3 36. Rc3 Kh7 37. Qd1 Qg6 38. Qc2 Rb4 39. Ra4 Rxb3 40. Rxb3 Rxb3 41.
Qc8 Qg2+ 0-1

[Event "Portugal Open 2018"]
[Site "Lisboa POR"]
[Date "2018.02.08"]
[Round "8.7"]
[White "Nagy, Gabor"]
[Black "Sanal, Vahap"]
[Result "1/2-1/2"]
[WhiteElo "2469"]
[BlackElo "2551"]
[WhiteFideId "737119"]
[BlackFideId "6300545"]
[WhiteTitle "IM"]
[BlackTitle "GM"]
[WhiteCountry "HUN"]
[BlackCountry "TUR"]
[PlyCount "68"]
[EventDate "2018.??.??"]

1. Nf3 Nf6 2. c4 e6 3. Nc3 d5 4. d4 Be7 5. Bf4 O-O 6. e3 b6 7. cxd5 Nxd5 8. Nxd5
exd5 9. Bd3 Bb4+ 10. Ke2 Bd6 11. Bxd6 Qxd6 12. Qc2 g6 13. Rac1 c6 14. h4 h5 15.
b4 a5 16. b5 Bd7 17. a4 Re8 18. Rhg1 Ra7 19. Qb2 cxb5 20. Bxb5 Qb4 21. Qxb4 axb4
22. Ne5 Bxb5+ 23. axb5 Ra5 24. Rc7 Rf8 25. g4 hxg4 26. Nxg4 b3 27. h5 Kg7 28.
Ne5 b2 29. Rxg6+ Kh8 30. Rxf7 Rxf7 31. Nxf7+ Kh7 32. Ng5+ Kh8 33. Nf7+ Kh7 34.
Ng5+ Kh8 1/2-1/2

[Event "Portugal Open 2018"]
[Site "Lisboa POR"]
[Date "2018.02.08"]
[Round "8.8"]
[White "Repka, Christopher"]
[Black "To, Nhat Minh"]
[Result "1-0"]
[WhiteElo "2513"]
[BlackElo "2338"]
[WhiteFideId "14918781"]
[BlackFideId "729019"]
[WhiteTitle "IM"]
[BlackTitle "IM"]
[WhiteCountry "SVK"]
[BlackCountry "HUN"]
[PlyCount "59"]
[EventDate "2018.??.??"]

1. d4 d5 2. c4 c6 3. Nf3 Nf6 4. Qb3 dxc4 5. Qxc4 Bf5 6. g3 e6 7. Bg2 Nbd7 8. O-O
Be7 9. e3 O-O 10. Qe2 Bg6 11. Rd1 a5 12. Nc3 a4 13. a3 Qa5 14. e4 Rfe8 15. Bd2
Qa6 16. Qe1 h6 17. h3 c5 18. Bf1 Qb6 19. e5 cxd4 20. exf6 dxc3 21. Be3 Bc5 22.
Rxd7 Bxe3 23. bxc3 Bc5 24. Ne5 gxf6 25. Nxg6 fxg6 26. Rb1 Qc6 27. Rbxb7 Bf8 28.
Rbc7 Qb6 29. Qe4 f5 30. Qe5 1-0

[Event "Portugal Open 2018"]
[Site "Lisboa POR"]
[Date "2018.02.08"]
[Round "8.9"]
[White "Öztürk, Kubra"]
[Black "Pérez Ponsa, Federico"]
[Result "1-0"]
[WhiteElo "2353"]
[BlackElo "2553"]
[WhiteFideId "6302599"]
[BlackFideId "117927"]
[WhiteTitle "WGM"]
[BlackTitle "GM"]
[WhiteCountry "TUR"]
[BlackCountry "ARG"]
[PlyCount "87"]
[EventDate "2018.??.??"]

1. d4 Nf6 2. Bf4 d5 3. c3 e6 4. e3 c5 5. Nd2 Nc6 6. Ngf3 cxd4 7. exd4 Nh5 8. Bg5
f6 9. Bh4 Nf4 10. Bg3 Bd6 11. h4 O-O 12. Bxf4 Bxf4 13. g3 Bh6 14. c4 Qb6 15. Bg2
Qxb2 16. O-O Bxd2 17. Nxd2 Rd8 18. cxd5 exd5 19. Nb3 Bf5 20. Re1 Kh8 21. h5 h6
22. g4 Bh7 23. Re2 Qa3 24. Nc5 b6 25. Ne6 Rd7 26. Rc1 Qd6 27. Qa4 Rc8 28. Re3
Bg8 29. Qa6 Re8 30. Nxg7 Rxe3 31. Nf5 Qa3 32. Qxa3 Rxa3 33. Rxc6 Rxa2 34. Rxf6
Ra1+ 35. Kh2 b5 36. Rxh6+ Bh7 37. Ne3 Kg7 38. Rc6 Be4 39. Bxe4 dxe4 40. Nf5+ Kf8
41. Rc8+ Kf7 42. g5 Rd5 43. g6+ Kf6 44. Rf8+ 1-0

[Event "Portugal Open 2018"]
[Site "Lisboa POR"]
[Date "2018.02.08"]
[Round "8.10"]
[White "Nevednichy, Vladislav"]
[Black "Bulmaga, Irina"]
[Result "1/2-1/2"]
[WhiteElo "2551"]
[BlackElo "2411"]
[WhiteFideId "1205730"]
[BlackFideId "13903063"]
[WhiteTitle "GM"]
[BlackTitle "IM"]
[WhiteCountry "ROU"]
[BlackCountry "ROU"]
[PlyCount "59"]
[EventDate "2018.??.??"]

1. e4 e5 2. Nf3 Nc6 3. Bb5 a6 4. Ba4 Nf6 5. O-O b5 6. Bb3 Be7 7. Re1 O-O 8. c3
d5 9. exd5 Nxd5 10. Nxe5 Nxe5 11. Rxe5 c6 12. d4 Bd6 13. Re1 Qh4 14. g3 Qh3 15.
Be3 Bg4 16. Qd3 f5 17. f4 Rae8 18. Nd2 g5 19. Qf1 Qh5 20. Qg2 gxf4 21. Bxd5+
cxd5 22. Qxd5+ Kg7 23. Bxf4 Bxf4 24. gxf4 Kh8 25. Nf1 Bf3 26. Ng3 Qg4 27. Rxe8
Bxd5 28. Rxf8+ Kg7 29. Rxf5 Qf3 30. Rg5+ 1/2-1/2

[Event "Portugal Open 2018"]
[Site "Lisboa POR"]
[Date "2018.02.08"]
[Round "8.11"]
[White "Santos Latasa, Jaime"]
[Black "Luch, Michal"]
[Result "1-0"]
[WhiteElo "2546"]
[BlackElo "2396"]
[WhiteFideId "2293307"]
[BlackFideId "1120042"]
[WhiteTitle "IM"]
[BlackTitle "IM"]
[WhiteCountry "ESP"]
[BlackCountry "POL"]
[PlyCount "65"]
[EventDate "2018.??.??"]

1. e4 c5 2. Nf3 Nc6 3. Bb5 g6 4. Bxc6 bxc6 5. d4 Bg7 6. dxc5 Qa5+ 7. Nbd2 Ba6 8.
Rb1 Qxc5 9. c4 Nf6 10. b4 Qb6 11. O-O d6 12. Bb2 O-O 13. Bd4 Qc7 14. e5 dxe5 15.
Bxe5 Qc8 16. Qc2 c5 17. b5 Bb7 18. Rfe1 Qg4 19. h3 Qh5 20. Rb3 Qf5 21. Qxf5 gxf5
22. Nh4 Rfd8 23. Nxf5 Rxd2 24. Rg3 Nh5 25. Rg5 f6 26. Rxh5 Bf8 27. Bc3 Rd7 28.
Re3 Rad8 29. Rg3+ Kh8 30. Rhg5 h6 31. Rg8+ Kh7 32. Nxe7 Rxe7 33. Bxf6 1-0

[Event "Portugal Open 2018"]
[Site "Lisboa POR"]
[Date "2018.02.08"]
[Round "8.12"]
[White "Sousa, André V"]
[Black "Spraggett, Kevin"]
[Result "1/2-1/2"]
[WhiteElo "2405"]
[BlackElo "2535"]
[WhiteFideId "1917617"]
[BlackFideId "2600013"]
[WhiteTitle "IM"]
[BlackTitle "GM"]
[WhiteCountry "POR"]
[BlackCountry "CAN"]
[PlyCount "96"]
[EventDate "2018.??.??"]

1. e4 c6 2. d4 d5 3. e5 Bf5 4. Nf3 e6 5. Be2 Ne7 6. O-O h6 7. Nbd2 Nd7 8. Nb3
Qc7 9. Bd2 a5 10. a4 g5 11. h4 g4 12. Ne1 h5 13. Nd3 Ng6 14. g3 b6 15. Rc1 Bg7
16. Nf4 Nxf4 17. Bxf4 Qb7 18. c4 dxc4 19. Rxc4 Rd8 20. Qc1 Be4 21. Bg5 Rc8 22.
Rc3 Bd5 23. f3 gxf3 24. Bxf3 c5 25. Qf4 Bxf3 26. Rcxf3 Rf8 27. Bh6 Bxh6 28. Qxh6
Qd5 29. Qxh5 cxd4 30. Rxf7 Rxf7 31. Rxf7 Kd8 32. Qg5+ Kc7 33. Qe7 d3 34. Kf2 Rd8
35. Qd6+ Qxd6 36. exd6+ Kxd6 37. Ke3 Rg8 38. Kf2 Ne5 39. Rf4 Rc8 40. Rd4+ Ke7
41. Ke3 Rg8 42. g4 Nxg4+ 43. Kxd3 Ne5+ 44. Kc2 Rg2+ 45. Rd2 Rg4 46. Rd4 Rg3 47.
Nd2 Rh3 48. Kd1 Nc6 1/2-1/2

[Event "Portugal Open 2018"]
[Site "Lisboa POR"]
[Date "2018.02.08"]
[Round "8.13"]
[White "Alshameary Puente, Ismael"]
[Black "Arizmendi Martínez, Julen Luis"]
[Result "1/2-1/2"]
[WhiteElo "2339"]
[BlackElo "2508"]
[WhiteFideId "2225166"]
[BlackFideId "2205092"]
[WhiteTitle "FM"]
[BlackTitle "GM"]
[WhiteCountry "ESP"]
[BlackCountry "ESP"]
[PlyCount "27"]
[EventDate "2018.??.??"]

1. d4 Nf6 2. c4 e6 3. Nc3 Bb4 4. e3 O-O 5. Bd3 d5 6. Nf3 b6 7. O-O Ba6 8. cxd5
exd5 9. Ne5 Bxd3 10. Qxd3 c5 11. Ne2 c4 12. Qc2 Bd6 13. f4 Nbd7 14. Nc3 1/2-1/2

[Event "Portugal Open 2018"]
[Site "Lisboa POR"]
[Date "2018.02.08"]
[Round "8.14"]
[White "Gabrielian, Artur"]
[Black "Mihajlov, Sebastian"]
[Result "1/2-1/2"]
[WhiteElo "2502"]
[BlackElo "2378"]
[WhiteFideId "4131002"]
[BlackFideId "1512110"]
[WhiteTitle "GM"]
[BlackTitle "IM"]
[WhiteCountry "RUS"]
[BlackCountry "NOR"]
[PlyCount "64"]
[EventDate "2018.??.??"]

1. e4 e5 2. Nf3 Nc6 3. Bc4 Bc5 4. d3 Nf6 5. c3 O-O 6. Bg5 h6 7. Bh4 Be7 8. Bg3
d6 9. a4 g6 10. Nbd2 Nh5 11. Nf1 Bf6 12. Ne3 Nxg3 13. fxg3 Ne7 14. O-O c6 15.
Ba2 Bg7 16. Qe2 Kh7 17. d4 f5 18. exf5 Nxf5 19. dxe5 Qb6 20. Rfe1 dxe5 21. a5
Qc5 22. Qc4 Qe7 23. Rad1 e4 24. Nd2 Nxe3 25. Rxe3 Qg5 26. Rxe4 Qxa5 27. Re7 Qg5
28. Qe2 Bg4 29. Nf3 Qc5+ 30. Kh1 Rxf3 31. Rxg7+ Kxg7 32. gxf3 Re8 1/2-1/2

[Event "Portugal Open 2018"]
[Site "Lisboa POR"]
[Date "2018.02.08"]
[Round "8.15"]
[White "Colijn, Stefan"]
[Black "Diermair, Andreas"]
[Result "0-1"]
[WhiteElo "2311"]
[BlackElo "2495"]
[WhiteFideId "1016199"]
[BlackFideId "1612468"]
[WhiteTitle "FM"]
[BlackTitle "IM"]
[WhiteCountry "NED"]
[BlackCountry "AUT"]
[PlyCount "108"]
[EventDate "2018.??.??"]

1. d4 d5 2. Nf3 Nf6 3. c4 e6 4. g3 Bb4+ 5. Bd2 a5 6. Bg2 dxc4 7. Bxb4 axb4 8.
Ne5 Ra7 9. Nxc4 Bd7 10. Ne5 Bb5 11. O-O Qd6 12. Re1 O-O 13. e3 Nbd7 14. Nxd7
Nxd7 15. Nd2 c6 16. Bf1 Bxf1 17. Rxf1 Rfa8 18. Qb1 Qd5 19. Nb3 Nf6 20. Qe1 Qb5
21. Nc1 h5 22. f3 Ra5 23. Rf2 h4 24. Kg2 g6 25. Rc2 Qd5 26. e4 Qxd4 27. Nb3 h3+
28. Kxh3 Qd3 29. Qd1 Qxd1 30. Rxd1 Rxa2 31. Rd4 R8a4 32. Nc5 b3 33. Nxb3 Rxd4
34. Nxd4 e5 35. Nb3 Kf8 36. Kg2 Nd7 37. Kf2 Ke7 38. h4 Kd6 39. g4 b6 40. Ke3 Ra8
41. f4 Rh8 42. Rd2+ Ke7 43. Rh2 c5 44. Nd2 b5 45. Nf3 f6 46. f5 Kf7 47. Rd2 Nb6
48. b3 c4 49. Rd6 Rb8 50. g5 cxb3 51. Rxf6+ Ke7 52. Re6+ Kd8 53. Kd3 Na4 54. Nd2
Nc5+ 0-1

[Event "Portugal Open 2018"]
[Site "Lisboa POR"]
[Date "2018.02.08"]
[Round "8.16"]
[White "Galego, Luís"]
[Black "Haria, Ravi"]
[Result "1-0"]
[WhiteElo "2481"]
[BlackElo "2376"]
[WhiteFideId "1900072"]
[BlackFideId "415820"]
[WhiteTitle "GM"]
[BlackTitle "IM"]
[WhiteCountry "POR"]
[BlackCountry "ENG"]
[PlyCount "139"]
[EventDate "2018.??.??"]

1. Nf3 Nf6 2. g3 e6 3. Bg2 d5 4. O-O Be7 5. d3 c5 6. Nbd2 Nc6 7. e4 b6 8. Re1
Bb7 9. c3 Qc7 10. a3 h6 11. h3 O-O 12. e5 Nd7 13. Qe2 b5 14. Nf1 Rfe8 15. N1h2
Bf8 16. Ng4 b4 17. Bf4 bxc3 18. bxc3 Qa5 19. Qd2 Ne7 20. h4 h5 21. Ngh2 Ng6 22.
Bg5 f6 23. exf6 gxf6 24. Bh6 Bd6 25. d4 Rac8 26. Bh3 Kf7 27. Qe3 Ndf8 28. Bxf8
Nxf8 29. Qh6 Qxc3 30. Qxh5+ Kg7 31. Ng4 Qxf3 32. Re3 Qf5 33. Qh6+ Kf7 34. Ne5+
Bxe5 35. Bxf5 Bxd4 36. Rb1 Bc6 37. Bg6+ Nxg6 38. Qh7+ Kf8 39. Qxg6 Ke7 40. Rd3
Rg8 41. Qh7+ Kd6 42. Qxa7 Rc7 43. Qa5 e5 44. Qd2 Rg4 45. Qh6 Ke6 46. Qh5 Rcg7
47. Rb6 Kd7 48. Qf5+ Kc7 49. Rxc6+ Kxc6 50. Qe6+ Kc7 51. Qxd5 Rxg3+ 52. Rxg3
Rxg3+ 53. Kf1 Rxa3 54. h5 e4 55. Qxe4 Rh3 56. h6 f5 57. Qe7+ Kc6 58. h7 Rh2 59.
Qe6+ Kb5 60. Qxf5 Kb4 61. Kg1 Rh6 62. Qb1+ Ka5 63. Qc2 Kb5 64. Qd3+ Kb6 65. Kg2
Rh4 66. Qg3 Rh6 67. Qg5 Rd6 68. Qh4 Bh8 69. Qe7 Rg6+ 70. Kf1 1-0

[Event "Portugal Open 2018"]
[Site "Lisboa POR"]
[Date "2018.02.08"]
[Round "8.17"]
[White "Boricsev, Oleg"]
[Black "Ortega Amarelle, Mariano"]
[Result "0-1"]
[WhiteElo "2328"]
[BlackElo "2447"]
[WhiteFideId "720500"]
[BlackFideId "3504301"]
[WhiteTitle "IM"]
[BlackTitle "IM"]
[WhiteCountry "HUN"]
[BlackCountry "CUB"]
[PlyCount "66"]
[EventDate "2018.??.??"]

1. e4 e5 2. Nf3 Nc6 3. Bc4 Nf6 4. d3 Be7 5. O-O O-O 6. c3 d6 7. Re1 Na5 8. Bb5
a6 9. Ba4 b5 10. Bc2 c5 11. Nbd2 Re8 12. Nf1 h6 13. Ng3 Nc6 14. h3 Qc7 15. Bb3
Bf8 16. a4 Bd7 17. axb5 axb5 18. Rxa8 Rxa8 19. Nh2 Ra1 20. Nh5 Nxh5 21. Qxh5 c4
22. Bc2 Qa5 23. Qe2 b4 24. Bd2 Qa2 25. dxc4 Rxe1+ 26. Qxe1 b3 27. Qb1 Na5 28.
Nf1 Nxc4 29. Bc1 Bb5 30. Nd2 Nxd2 31. Bxd2 Bc4 32. Bd3 Bxd3 33. Qxd3 Qxb2 0-1